Plants

Bibliographic Details
Main Author: Chris Soon
Corporate Author: Title
Format: Book
Published: Selangor : Penerbit Mikamas , 2004
Series:Scientific facts on...
Subjects:

MARC

LEADER 00000cam a2200000 7i4500
001 0000005918
005 20151222.0
008 070813
020 |a 9830753115(set) 
020 |a 9830753123 
090 0 0 |a JF   |b SC ENG (6230) 
100 0 |a Chris Soon 
245 1 0 |a Plants   |c Chris Soon 
260 |a Selangor :   |b Penerbit Mikamas ,   |c 2004 
440 |a Scientific facts on... 
500 |a Children ages 7-9 years old (orange) 
650 0 |a Junior fiction   |x English   |x Languages 
650 0 |a Science 
710 0 |a Title 
999 |a 0000981869   |b Book   |c Children Collection   |e Perbadanan Perpustakaan Awam Johor 
999 |a 0000981871   |b Book   |c Children Collection   |e Perbadanan Perpustakaan Awam Johor 
999 |a 0000981872   |b Book   |c Children Collection   |e Perbadanan Perpustakaan Awam Johor